000 00488nam a2200193Ia 4500
005 20240823022122.0
008 240823s9999||||xx |||||||||||||| ||und||
020 _a81-203-3094-3
041 _aENGLISH
082 _A620.5 P4
100 _aAkhlesh Lakhtakia
245 0 _a"Nanometer Structures : Theory,Modeling and Simulation"
250 _a1st
260 _c2004
_b"PHI,New "
_aNew Delhi
500 _aTRANSFERED
650 _aNano
_bMechanical
942 _cBK
999 _c178399
_d178399